000 01190cam a22003495i 4500
999 _c41350
_d41350
001 19181127
003 OSt
005 20210818113654.0
008 160718s2017 caua b 001 0 eng
010 _a 2016948139
020 _a9789353502188
020 _a1337098132
040 _aDLC
_cDLC
042 _apcc
082 _a150.287
_bKAP/P
100 1 _aKaplan, Robert M.
_q(Robert Malcolm),
_d1947-
_eauthor.
_98671
245 1 0 _aPsychological testing :
_bprinciples, applications, & issues /
_cRobert M. Kaplan, Dennis P. Saccuzzo.
250 _aNinth edition.
264 1 _aBelmont :
_bCengage Learning,
_c[2017]
300 _a752 pages :
_billustrations ;
_c24 cm
336 _atext
_2rdacontent
337 _aunmediated
_2rdamedia
338 _avolume
_2rdacarrier
500 _aFourth edition published in 2013.
504 _aIncludes bibliographical references and indexes.
650 0 _aPsychological tests.
700 1 _aSaccuzzo, Dennis P.,
_d1947-
_eauthor.
906 _a0
_bibc
_corigres
_d2
_encip
_f20
_gy-gencatlg
942 _2ddc
_cBK
_h150.287
_iKAP/P
_k150.287
_mKAP/P